| 000 | 01087pam a2200289 i 4500 | ||
|---|---|---|---|
| 001 | 3769357 | ||
| 003 | EG-ScBUE | ||
| 005 | 20250526092926.0 | ||
| 008 | 831014t1984 nyua f b 001 0 eng d | ||
| 020 | _a0486646769 (pbk.) | ||
| 040 |
_aEG-ScBUE _beng _erda _cEG-ScBUE _dEG-ScBUE |
||
| 082 | 0 | 4 |
_a530.155 _222 _bWAL |
| 100 | 1 |
_aWallace, Philip R. _q(Philip Russell), _d1915- _96574 _eauthor. |
|
| 245 | 1 | 0 |
_aMathematical analysis of physical problems / _cPhilip R. Wallace, McGill University. |
| 264 | 1 |
_aNew York : _bDover Publications, INC., _c[1984] |
|
| 264 | 4 | _cc1984 | |
| 300 |
_axix, 616 pages : _billustrations ; _c22 cm |
||
| 336 |
_2rdacontent _atext _btxt |
||
| 337 |
_aunmediated _2rdamedia _bn |
||
| 338 |
_avolume _bnc _2rdacarrier |
||
| 500 | _aOriginally published: New York : Holt, Rinehart and Winston, 1972. | ||
| 504 | _aIncludes bibliographical references and index. | ||
| 650 | 7 |
_aMathematical physics. _96575 _2BUEsh |
|
| 655 | _vReading book | ||
| 856 | 4 | 2 |
_3Publisher description _uhttp://www.loc.gov/catdir/description/dover031/83020640.html |
| 942 |
_2ddc _cBB |
||
| 999 |
_c11931 _d11931 |
||